000 00976nam a2200265Ia 4500
003 OSt
005 20220930072759.0
006 a|||||r|||| 00| 0
007 ta
008 220926b |||||||| |||| 00| 0 eng d
024 _a24934
037 _cTheses
040 _aCRL
_cCRL
_beng
041 _2eng
_aeng
100 _aKhare Divya
_9530417
110 _aUniversity of Delhi. Faculty of Medical Sciences. Department of Anaesthesiology
_9519568
245 0 _aAttenuation of the pressor response to tracheal intubation by magnesium sulphate in patients with pregnancy induced hypertension undergoing caesarean section
_b A comparison with lidocaine
260 _c1998
300 _a53p.
_ap.
_ccm.
650 _aANESTHETICS
_9519569
700 _a Dr M Pawar Supervisor
_9530418
700 _aUniversity of Delhi. Faculty of Medical Sciences. Department of Anaesthesiology
_9519571
942 _cDIS
_2CC
999 _c864307
_d864307